| 000 | 01379nam2a22003251 4500 | ||
|---|---|---|---|
| 001 | rc\2755012 | ||
| 005 | 20250529150230.0 | ||
| 035 | _a(NLR Aleph) 006881775 | ||
| 090 |
_a7054716 _c7054716 |
||
| 100 | _a20110915d1940 |||y0rusy50 ca | ||
| 101 | 0 |
_arus _dger _ffre |
|
| 102 | _aRU | ||
| 105 | _aa z ||||| | ||
| 200 | 1 |
_aСемейство Muridae - мыши _fАргиропуло А. И. |
|
| 210 |
_d1940 _aБ. м. |
||
| 215 |
_a[8], 170 с. _cил. _d26 |
||
| 225 | 0 |
_a... _v№ 21 |
|
| 300 |
_aДоб. тит. л. на фр. яз. _aРезюме на нем. яз. |
||
| 320 | _aБиблиогр. в конце ст. | ||
| 461 | 0 |
_1001rc\3061054 _12001#$aФауна СССР$iМлекопитающие$fгл. ред. акад. С.А. Зернов$vТ. 3, вып. 5 _97620626 _cМосква _d1937-1982 _fгл. ред. акад. С.А. Зернов _iМлекопитающие _nИздательство Академии наук СССР _tФауна СССР _vТ. 3, вып. 5 |
|
| 510 | 1 |
_aMuridae - мыши _zlat _zrus |
|
| 606 | 1 |
_aМышиные _91190815 _3RU\NLR\AUTH\66162632 |
|
| 686 | 0 |
_aЕ693.363.6Mur _2rubbk |
|
| 700 | 1 |
_aАргиропуло _bА. И. _f1908-1942 _gАнатолий Иванович |
|
| 801 | 0 |
_aRU _bNLR _gpsbo |
|
| 801 | 1 |
_aRU _bELAR _2rusmarc |
|
| 801 | 2 |
_aRU _bNLR _c20141223 _2rusmarc |
|
| 852 |
_aNLR _j37-19/120 (3-5) |
||
| 942 | _cBOOK | ||
| 980 | _aNB | ||